Statistiques concernant Histoire commençant par la lettre P

Cliquez ici pour prendre le quiz!

Statistiques générales

  • Ce quiz a été pris 2,408 fois
    (1,630 depuis la dernière actualisation)
  • Le résultat moyen est 14 sur 20

Statistiques - réponses

Indice Réponse % Correct
On retient surtout ce philosophe et mathématicien de la Grèce antique pour son triangle rectanglePythagore
95%
Vestige monumental emblématique de cette civilisationPyramide
94%
Sa construction a été terminée en 1914Canal de {Panama}
92%
Elle a débuté en 1914 après l'assassinat de François-FerdinandPremière guerre mondiale
91%
Peintre espagnol, considéré avec Braque comme le co-fondateur du cubismePablo Picasso
89%
Ville romaine détruite en 79 lors de l'éruption du VésuvePompéi
88%
Temple consacré à la déesse Athena, situé sur l'acropole d'AthènesParthénon
86%
Souverain de l'Égypte antiquePharaon
83%
Ancien support d'écriture, très utilisé à l'époque de la première questionPapyrus
82%
Baie d'une île du Pacifique attaquée par surprise par les japonnais le 7 décembre 1941Pearl Harbor
80%
Empire notamment gouverné par Cyrus, Darius et XerxesPerse
78%
Philosophe élève, entre autres, de ce dernier, notamment célèbre pour son banquet et sa cavernePlaton
77%
Pandémie ayant décimé plus d'un tiers de la population européenne entre 1347 et 1352Peste noire
77%
De 1919 à 1933, pendant cette période, l'importation, l'exportation et la vente de boissons alcoolisées étaient interdites aux États-UnisProhibition
74%
Roi de France capétien, père des dits "rois maudits"Philippe IV le Bel
38%
Tsar et premier empereur de l'Empire russe de 1721 à 1725Pierre Ier le Grand
32%
Civilisation antique méditerranéenne du proche-orient, ayant mis au point un alphabet à l'origine des alphabets grec et latinPhénicie
32%
Tribus celtes de ce qui est devenu l'Écosse du nord et de l'estPictes
29%
Conquistador espagnol à la tête de la conquète de l'empire IncaFrancisco Pizarro
29%
Après le règne désastreux de Jean sans Terre, l'Angleterre fut dirigée par cinq rois de cette dynastie princièrePlantagenêt
23%

Distribution des résultats

Percentile by Number Answered

% des personnes avec chaque résultat

Votre développement - résultats

Vous n’avez pas pris ce quiz depuis la dernière actualisation